Prontuario Penal Federal 2013

Detalles Bibliográficos
Autor principal: Přez Chavez, Još
Formato: eBook
Lenguaje:español
Publicado: Mx̌ico D.F.: Tax Editores, 2013
Materias:
Acceso en línea:Acceso restringido

MARC

LEADER 00000nam a22000007a 4500
005 20130712152114.0
007 cr|||| ||||
008 130712s2013 mx |||||s|||| 00||0 spa d
020 |a  978-607-440-503-3 
035 |a 11033 
040 |a vLex 
090 |c 4456  |d 4456 
100 1 |a Přez Chavez, Još 
245 1 0 |a Prontuario Penal Federal 2013  |h [Recurso electrn̤ico] /  |c Jos ̌Přez Chavez, Raymundo Fol Olguin  
256 |a Servicio en ln̕ea 
260 |a Mx̌ico D.F.:  |b Tax Editores,  |c 2013 
300 |a 1 recurso electrn̤ico 
506 1 |a Contenido solo disponible en los productos indicados  |d vLex Global  |d vLex Global (Academic Edition, excluding Law Schools)  |d vLex Global (U.S. Academic Edition, Law Schools)  |d vLex Global (U.S. Academic Edition, excluding Law Schools)  |d vLex Global (Academic Edition, Law Schools) 
650 0 4 |a Derecho penal  |z Mx̌ico 
740 0 |a vLex Libros (Servicio en ln̕ea) 
856 4 0 |u http://vlex.com/source/prontuario-penal-federal-11033  |z Acceso restringido 
942 |c BOOK 
999 0 |a Criminal Law